header

Resurrecting the granary of Rome (Record no. 229299)

MARC details
000 -LEADER
fixed length control field 02279nam a22004574a 4500
082 04 - DEWEY DECIMAL CLASSIFICATION NUMBER
Classification number 304.20961
100 1# - MAIN ENTRY--AUTHOR NAME
Personal name Davis, Diana K.
245 10 - TITLE STATEMENT
Title Resurrecting the granary of Rome
260 ## - PUBLICATION, DISTRIBUTION, ETC. (IMPRINT)
Place of publication Athens :
Name of publisher Ohio University Press,
Year of publication c2007.
300 ## - PHYSICAL DESCRIPTION
Number of Pages xv, 296 p., 8 p. of plates :
Other physical details ill. (some col.), maps.
490 1# - SERIES STATEMENT
Series statement Ohio University Press series in ecology and history
505 0# - FORMATTED CONTENTS NOTE
Formatted contents note Imperial stories and empirical evidence -- Nature, empire, and narrative origins, 1830-48 -- Idealism, capitalism, and the development of the narrative, 1848-70 -- Triumph of the narrative, 1871-1918 -- Narrative, science, policy, and practice, 1919 to independence -- Decolonization, the colonial narrative, and environmental policy today.
650 #0 - SUBJECT ADDED ENTRY--TOPICAL TERM
Topical Term Human ecology
Topical Term Desertification
Topical Term Deforestation
856 40 - ELECTRONIC LOCATION AND ACCESS
Uniform Resource Identifier http://site.ebrary.com/lib/rucke/Doc?id=10214170

No items available.

© 2026 Rongo University
Contact us: librarian | system librarian | Rongo university